000
00235 a2200097 4500
001
18977
100
_a
A S M E
245
_a
Instruments & Apparatus (Supplement) Power Test Codes Pt-20
260
_a
_b
A S M E
_c
090
_c
14062
_d
14062
942
_a
NUST-CAE
_c
M
_c
4517
999
_c
254050
_d
254050